00514naa#a2200169#i#4500001001600000005001700016011001400033100004100047102000700088200007200095210005200167215001000219608002700229675004000256700002700296856002100323EN\\bibl\12242820260516015907.6##a1998-6785##a20231221b2023####ek#y0engy0150####ca##aRU1#aThe architecture of regional security in East AsiaeJournal article1#aVladivostokcVladivostok State Universityd2023##a6 с.##aJournal article2local##aВсеобщая история. 94#1aVerkholomovgSergey A.4#avvgu.editorum.ru